000
00392nam a2200181Ia 4500
003
IT-RoPAU
008
120407s9999 xx 000 0 und d
040
_a
IT-RoPAU
040
_c
IT-RoPAU
100
_a
Pio XI
245
_a
Discorsi di Pio XI (1922-1939)
260
_a
Vaticana
300
_c
cm
490
_v
3
600
_a
una serie completa a parte
942
_c
BK
999
_c
12489
_d
12489